Statistiques concernant Carte des États-Unis pixelisée

Cliquez ici pour prendre le quiz!

Statistiques générales

  • Ce quiz a été pris 2,850 fois
  • Le résultat moyen est 254 sur 332

Statistiques - réponses

État % Correct
Californie
98%
Texas
97%
Floride
96%
Washington
94%
Alaska
92%
New York
90%
Hawaï
87%
Nevada
83%
Nouveau-Mexique
82%
Dakota du Nord
81%
Dakota du Sud
81%
Caroline du Sud
80%
Caroline du Nord
80%
Mississippi
78%
Alabama
77%
Oregon
77%
Louisiane
77%
Arizona
76%
Utah
75%
Maine
74%
Ohio
74%
Colorado
73%
Kansas
72%
Virginie
72%
Michigan
71%
Illinois
70%
Idaho
70%
Montana
70%
Géorgie
69%
Arkansas
69%
Wyoming
65%
Iowa
64%
Missouri
62%
Tennessee
60%
Wisconsin
60%
Minnesota
59%
Kentucky
59%
Vermont
59%
Oklahoma
58%
Indiana
57%
Nebraska
56%
Pennsylvanie
56%
Massachusetts
56%
Virginie-Occidentale
54%
Connecticut
48%
Maryland
43%

Distribution des résultats

Percentile par nombre de réponses

% des personnes avec chaque résultat

Votre développement - résultats

Vous n’avez pas pris ce quiz